000 00247nam a22000977a 4500
041 _aukr
245 _aПоліс
260 _aК.
_c№4 від 4.09.05
300 _a25
_bЖурнал
520 _aЗміст: Автор Соколоава С. С. Історія
942 _cBK
999 _c181934
_d181934